000 00255nam a22001097a 4500
008 170118b xxu||||| |||| 00| 0 eng d
020 _a9780323018555
041 _aeng
080 _66TH
_a618.2
245 _aMEDICAL-SURGICAL NURSING
_cLEWIS
942 _2udc
_cBK
999 _c3107
_d3107